| 000 | 00536nam a2200181Ia 4500 | ||
|---|---|---|---|
| 999 |
_c11422 _d11422 |
||
| 003 | OSt | ||
| 005 | 20200129123838.0 | ||
| 008 | 190216s9999||||xx |||||||||||||| ||und|| | ||
| 020 | _a9788184842241 | ||
| 040 | _coclc | ||
| 082 |
_a368.954 _bSHA/G |
||
| 100 |
_aSharma, K C _91557 |
||
| 245 | 0 |
_aGeneral Insurance In India Principles And Practices / _cK C Sharma |
|
| 260 |
_bRegal Publications, _c2013. _aNew Delhi: |
||
| 300 | _a328p | ||
| 650 | _xInsurance | ||
| 942 |
_cBK _2ddc _h368.954 _iSHA/G _k368.954 _mSHA/G |
||